| 000 | 00571nam a2200205Ia 4500 | ||
|---|---|---|---|
| 005 | 20250923144814.0 | ||
| 008 | 008 250917s9999 xx 000 0 eng d | ||
| 037 | _aTextual | ||
| 040 |
_aDSWL _beng _cDSWL |
||
| 041 |
_aeng _2eng |
||
| 084 | _qDSWL | ||
| 100 |
_aSuryavanshi, Bhagwan Singh _9828605 |
||
| 245 | 4 |
_aThe Abhiras their history and culture _cby Bhagwan Singh Suryavanshi |
|
| 260 |
_aBaroda _bArtUniversity of Baroda _c1962 |
||
| 300 | _axii,119p. | ||
| 365 |
_aINR _b10 |
||
| 925 | _g10 | ||
| 942 | _cTEXL | ||
| 999 |
_c1443558 _d1443558 |
||